Nhân giống vô tính cây ăn quả: Chiết, ghép, giâm cành, tách chồi và nuôi cấy in vitro

Uloženo v:
Podrobná bibliografie
Hlavní autor: Hoàng, Ngọc Thuận
Médium: Kniha
Jazyk:Undetermined
Vydáno: Hà Nội Nông Nghiệp 2000
Témata:
Tagy: Přidat tag
Žádné tagy, Buďte první, kdo otaguje tento záznam!
Thư viện lưu trữ: Trung tâm Học liệu Trường Đại học Cần Thơ
LEADER 00632nam a2200193Ia 4500
001 CTU_40428
008 210402s9999 xx 000 0 und d
020 |c 15500 
082 |a 634.04 
082 |b Th502n 
100 |a Hoàng, Ngọc Thuận 
245 0 |a Nhân giống vô tính cây ăn quả: Chiết, ghép, giâm cành, tách chồi và nuôi cấy in vitro 
245 0 |c Hoàng Ngọc Thuận 
260 |a Hà Nội 
260 |b Nông Nghiệp 
260 |c 2000 
650 |a Fruit trees,Fruit-culture 
904 |i Minh, 010309 
980 |a Trung tâm Học liệu Trường Đại học Cần Thơ